Normal view
MARC view
- Guide Name:Sowani Avinash
Entry Personal Name
001 - CONTROL NUMBER
- control field: 210287
003 - CONTROL NUMBER IDENTIFIER
- control field: OSt
005 - DATE AND TIME OF LATEST TRANSACTION
- control field: 20250110171521.0
008 - FIXED-LENGTH DATA ELEMENTS
- fixed length control field: 250110|| aca||aabn | a|a d
040 ## - CATALOGING SOURCE
- Original cataloging agency: OSt
- Transcribing agency: OSt
100 ## - HEADING--PERSONAL NAME
- Personal name: Guide Name:Sowani Avinash
670 ## - SOURCE DATA FOUND
- Source citation: Work cat.: (OSt)363479: Bhavthankar Monica 182612, Paithani Kalagruha Centre For Traditional Art Of Paithani At Pune, 2014